Statistics for Stephen King Stories

Click here to take the quiz!

General Stats

  • This quiz has been taken 23,030 times
    (19,916 since last reset)
  • The average score is 11 of 19

Answer Stats

DescriptionAnswer% Correct
Evil shape-shifting entity hunts children while disguised as a clownIt
94%
Writer accepts a job as the winter caretaker of a haunted Colorado hotelThe Shining
90%
Unwise highschool bullies play a prank on a disturbed, telekinetic girlCarrie
85%
Miracle cemetery can resurrect dead animals, but afterwards they are a bit ... oddPet Sematary
81%
Death row felon can heal people with magicThe Green Mile
73%
Good-natured Saint Bernard gets bit by a bat and goes on a killing rampageCujo
71%
After crashing his car in the mountains, a famous author is nursed
back to health by his "#1 fan"
Misery
69%
Falsely convicted man escapes from prison with the help of a Rita Hayworth pinupRita Hayworth and
Shawshank Redemption
67%
Most of humanity is wiped out by a killer strain of influenza. The survivors must
choose between good and evil.
The Stand
64%
Nebraska town is run by evil pagan children who worship an agricultural deityChildren of the Corn
59%
Four boys go on a hike to find a dead bodyThe Body
58%
Teenager buys an evil possessed carChristine
50%
Gunslinger searches for a tower in a magical world where time does not make senseThe Dark Tower
47%
In the future, game show contestants run for their lives against hitmenThe Running Man
35%
Writer returns to the small town where he grew up. Unfortunately, many of
the citizens are now vampires.
'Salem's Lot
34%
After committing vehicular manslaughter, a man is the victim of a
Gypsy weight-loss curse
Thinner
34%
A small town is suddenly surrounded by an invisible, impassible force fieldUnder the Dome
34%
Spaceship in the woods transforms people into genius inventors -
but also makes them evil
The Tommyknockers
20%
All cars and trucks suddenly become possessed killersTrucks
19%

Score Distribution

Percentile by Number Answered

Percent of People with Each Score

Your Score History

You have not taken this quiz since the last reset